[Event "8th Asia-ch"]
[Site "Subic Bay Free Port PHI"]
[Date "2010.04.27"]
[Round "7"]
[White "Paulo, Bersamina"]
[Black "Padmini, Rout"]
[Result "0-1"]
[WhiteElo "1927"]
[BlackElo "2319"]
[EventDate "2010.04.21"]
[PlyCount "106"]

1.e4 c5 2.Nc3 d6 3.f4 g6 4.Nf3 Bg7 5.Bb5+ Bd7 6.Bxd7+ Qxd7 7.d3 Nc6 8.O-O 
Nf6 9.Bd2 O-O 10.Qe1 Rac8 11.h3 Nd4 12.Rc1 Ne8 13.Qh4 Nc7 14.Kh2 b5 15.
Nxd4 cxd4 16.Ne2 f5 17.g4 e5 18.exf5 gxf5 19.g5 Nd5 20.Rg1 Qe6 21.Qg3 Rc6 
22.Rg2 Rfc8 23.Re1 e4 24.dxe4 fxe4 25.c3 dxc3 26.Bxc3 Nxc3 27.bxc3 Bxc3 
28.Rf1 d5 29.Qh4 Rf8 30.Ng3 Qd7 31.f5 Be5 32.f6 Rfc8 33.Kh1 Rc1 34.Rfg1 
Rxg1+ 35.Rxg1 Rc3 36.g6 hxg6 37.Qh6 Qh7 38.f7+ Qxf7 39.Nf5 Rc6 40.Qg5 Kf8 
41.Qd8+ Qe8 42.Qxd5 Qe6 43.Qd8+ Kf7 44.Nh6+ Kg7 45.Ng4 e3 46.Rf1 Rc8 47.
Qd1 Bc3 48.Qe2 Qe4+ 49.Kg1 Bd4 50.Rd1 Rc2 51.Rxd4 Qxd4 52.Qxc2 e2+ 53.Kg2 
e1=N+ 0-1

[Event "8th Asia-ch"]
[Site "Subic Bay Free Port PHI"]
[Date "2010.04.27"]
[Round "7"]
[White "Olay, Edgar Reggie"]
[Black "Mariano, Nelson"]
[Result "1/2-1/2"]
[WhiteElo "2304"]
[BlackElo "2118"]
[EventDate "2010.04.21"]
[PlyCount "92"]

1.d4 Nf6 2.c4 g6 3.Nc3 Bg7 4.e4 d6 5.f3 O-O 6.Be3 e5 7.Nge2 c6 8.d5 a6 9.
Qd2 b5 10.dxc6 bxc4 11.Nd5 Nxc6 12.Bb6 Qd7 13.Nec3 Nxd5 14.Nxd5 Ne7 15.
Bxc4 Nxd5 16.Bxd5 Bb7 17.Bb3 Qb5 18.Qa5 Qxa5+ 19.Bxa5 Kh8 20.O-O-O f5 21.
exf5 e4 22.Bd5 Rac8+ 23.Kb1 Bxd5 24.Rxd5 exf3 25.gxf3 Rxf5 26.Rxf5 gxf5 
27.Rc1 Rxc1+ 28.Kxc1 Be5 29.h3 Kg7 30.Kc2 Kf6 31.Bc3 Kg5 32.Bxe5 dxe5 33.
Kd3 Kf4 34.Ke2 Kg3 35.Ke3 e4 36.f4 Kxh3 37.b4 Kg2 38.a4 h5 39.b5 axb5 40.
axb5 h4 41.b6 h3 42.b7 h2 43.b8=Q h1=Q 44.Qb2+ Kh3 45.Qh8+ Kg2 46.Qg7+ Kf1
1/2-1/2

[Event "8th Asia-ch"]
[Site "Subic Bay Free Port PHI"]
[Date "2010.04.28"]
[Round "8"]
[White "Le Quang Liem"]
[Black "Gundavaa, Bayarsaihan"]
[Result "1-0"]
[WhiteElo "2689"]
[BlackElo "2471"]
[EventDate "2010.04.21"]
[PlyCount "45"]

1.d4 Nf6 2.c4 e6 3.Nf3 b6 4.g3 Ba6 5.Qc2 Bb4+ 6.Bd2 Be7 7.Bg2 O-O 8.Ne5 d5
9.cxd5 exd5 10.Nc3 Bb7 11.O-O Nbd7 12.Rfd1 c5 13.Be3 Rc8 14.Qb3 cxd4 15.
Bxd4 Nc5 16.Bxc5 Rxc5 17.Nd3 Rc4 18.Nf4 Rb4 19.Qc2 Qc7 20.Rac1 Rc4 21.
Nfxd5 Bxd5 22.Bxd5 Rc5 23.b4 1-0

[Event "8th Asia-ch"]
[Site "Subic Bay Free Port PHI"]
[Date "2010.04.28"]
[Round "8"]
[White "Xiu Deshun"]
[Black "Ghaem Maghami, Ehsan"]
[Result "1/2-1/2"]
[WhiteElo "2493"]
[BlackElo "2575"]
[EventDate "2010.04.21"]
[PlyCount "102"]

1.d4 Nf6 2.c4 e6 3.g3 d5 4.Nf3 dxc4 5.Bg2 a6 6.O-O Nc6 7.Nc3 Rb8 8.e4 b5 
9.d5 exd5 10.exd5 Nb4 11.Nd4 Bd7 12.b3 Nd3 13.bxc4 bxc4 14.Qe2+ Be7 15.Ba3
Kf8 16.Nc2 Bxa3 17.Nxa3 Qe7 18.Rab1 Qxe2 19.Rxb8+ Ke7 20.Nxe2 Rxb8 21.Nxc4
Rb4 22.Ne3 Ra4 23.Rd1 Nb4 24.Nd4 g6 25.Nc6+ Nxc6 26.dxc6 Be6 27.Nd5+ Nxd5 
28.Bxd5 Bxd5 29.Rxd5 Rxa2 30.Rd7+ Ke6 31.Rxc7 Rc2 32.Rc8 Kd6 33.Rd8+ Ke7 
34.Rc8 Kd6 35.Rd8+ Ke7 36.Rc8 Kd6 37.Rd8+ Kc7 38.Rd7+ Kxc6 39.Rxf7 a5 40.
Rxh7 Kb6 41.Rh8 a4 42.Ra8 Kb5 43.h4 Rc6 44.Kg2 Ra6 45.Rb8+ Rb6 46.Ra8 Ra6 
47.Rb8+ Rb6 48.Ra8 Ra6 49.Rb8+ Rb6 50.Ra8 Ra6 51.Rb8+ Rb6 1/2-1/2

[Event "8th Asia-ch"]
[Site "Subic Bay Free Port PHI"]
[Date "2010.04.28"]
[Round "8"]
[White "Yu Yangyi"]
[Black "Golizadeh, Asghar"]
[Result "1-0"]
[WhiteElo "2574"]
[BlackElo "2454"]
[EventDate "2010.04.21"]
[PlyCount "81"]

1.e4 c5 2.Nf3 e6 3.d4 cxd4 4.Nxd4 a6 5.Bd3 Bc5 6.Nb3 Be7 7.Qg4 g6 8.Qe2 d6
9.Na3 Nd7 10.Nc4 b6 11.O-O Qc7 12.a4 Bb7 13.Be3 Ngf6 14.a5 b5 15.Nb6 Rb8 
16.c4 b4 17.f3 O-O 18.Qd2 Nc5 19.Bc2 Rfd8 20.Qxb4 Nxb3 21.Qxb3 d5 22.cxd5 
exd5 23.Rac1 Bd6 24.e5 Bxe5 25.f4 Bd6 26.Bxg6 Qe7 27.Bf5 d4 28.Bxd4 Bb4 
29.Qg3+ Kh8 30.Rfe1 Qxe1+ 31.Qxe1 Rxd4 32.Qe5 Rd6 33.Nc4 Rbd8 34.Nxd6 Rxd6
35.Bc8 Bd5 36.Be6 Rxe6 37.Rc8+ Bf8 38.Rxf8+ Kg7 39.Rd8 Be4 40.Qc5 Bb1 41.
h3 1-0

[Event "8th Asia-ch"]
[Site "Subic Bay Free Port PHI"]
[Date "2010.04.28"]
[Round "8"]
[White "Wan Yunguo"]
[Black "Antonio, Rogelio jr"]
[Result "1/2-1/2"]
[WhiteElo "2424"]
[BlackElo "2572"]
[EventDate "2010.04.21"]
[PlyCount "82"]

1.e4 c6 2.d4 d5 3.Nc3 dxe4 4.Nxe4 Bf5 5.Ng3 Bg6 6.h4 h6 7.Nf3 Nd7 8.h5 Bh7
9.Bd3 Bxd3 10.Qxd3 e6 11.Bf4 Ngf6 12.O-O-O Be7 13.Kb1 O-O 14.Ne5 c5 15.Qe2
Nd5 16.Bc1 cxd4 17.Nxd7 Qxd7 18.Rxd4 Qc6 19.c4 Nf6 20.Ne4 Rfd8 21.Nxf6+ 
Bxf6 22.Rxd8+ Rxd8 23.f3 a6 24.Be3 Qd6 25.g4 Qe5 26.Re1 Rd3 27.f4 Qe4 28.
Qc2 Rd4 29.b3 Bh4 30.Re2 Rd1+ 31.Bc1 Qh1 32.Rd2 Rxd2 33.Qxd2 Qf3 34.g5 
hxg5 35.fxg5 Qxh5 36.Qf4 f6 37.Qb8+ Kh7 38.Qxb7 fxg5 39.c5 Qg6+ 40.Kb2 g4 
41.Qh1 Qf6+ 1/2-1/2

[Event "8th Asia-ch"]
[Site "Subic Bay Free Port PHI"]
[Date "2010.04.28"]
[Round "8"]
[White "Nguyen Ngoc Truong Son"]
[Black "Dableo, Ronald"]
[Result "1-0"]
[WhiteElo "2642"]
[BlackElo "2464"]
[EventDate "2010.04.21"]
[PlyCount "60"]

1.d4 d5 2.c4 c6 3.Nf3 Nf6 4.Nc3 a6 5.Ne5 Nbd7 6.Bf4 Nxe5 7.dxe5 Ne4 8.Nxe4
dxe4 9.Qxd8+ Kxd8 10.O-O-O+ Ke8 11.g3 Be6 12.b3 f5 13.f3 b5 14.fxe4 fxe4 
15.Bg2 bxc4 16.Bxe4 Rc8 17.Kb2 g6 18.h4 Bg7 19.h5 Bf5 20.Bxf5 gxf5 21.h6 
Bf8 22.bxc4 Rg8 23.Kc3 Rg6 24.Rb1 c5 25.Rh5 Kd7 26.e3 Rcc6 27.Rxf5 Bxh6 
28.Rf7 Ke6 29.Rxh7 Kf5 30.Kd3 Rce6 1-0

[Event "8th Asia-ch"]
[Site "Subic Bay Free Port PHI"]
[Date "2010.04.28"]
[Round "8"]
[White "Nguyen Thanh Son"]
[Black "Zhang Zhong"]
[Result "1/2-1/2"]
[WhiteElo "2440"]
[BlackElo "2603"]
[EventDate "2010.04.21"]
[PlyCount "93"]

1.c4 Nf6 2.Nc3 e6 3.Nf3 Bb4 4.g3 O-O 5.Bg2 d5 6.cxd5 exd5 7.a3 Bd6 8.d4 
Re8 9.O-O c6 10.b4 a6 11.Bb2 Bf5 12.Na4 Nbd7 13.Nc5 Qc7 14.Nh4 Bg6 15.Nxg6
hxg6 16.Qc2 Nb6 17.Bc3 Nc4 18.e3 Re7 19.Rfb1 Rae8 20.Be1 Qc8 21.Bf1 b5 22.
a4 Bxc5 23.bxc5 g5 24.axb5 axb5 25.h3 Ne4 26.Ra2 f5 27.Rba1 f4 28.exf4 
gxf4 29.gxf4 Qf5 30.f3 Ne3 31.Qd3 Nf6 32.Qxf5 Nxf5 33.Bf2 Nh5 34.Bd3 g6 
35.Ra6 Re6 36.Kh2 Nxf4 37.Bxf5 gxf5 38.Rg1+ Kh7 39.Rg5 Nd3 40.Bh4 f4 41.
Rg4 Re2+ 42.Kg1 R8e6 43.Ra7+ Kh6 44.Bg5+ Kh5 45.Bh4 Kh6 46.Bg5+ Kh5 47.Bh4
1/2-1/2

[Event "8th Asia-ch"]
[Site "Subic Bay Free Port PHI"]
[Date "2010.04.28"]
[Round "8"]
[White "Zhou Weiqi"]
[Black "Nolte, Rolando"]
[Result "1-0"]
[WhiteElo "2584"]
[BlackElo "2420"]
[EventDate "2010.04.21"]
[PlyCount "71"]

1.d4 d5 2.c4 c6 3.Nf3 Nf6 4.e3 Bf5 5.Nc3 e6 6.Nh4 Be4 7.f3 Bg6 8.Qb3 Qc7 
9.Bd2 Nbd7 10.O-O-O Be7 11.cxd5 Nxd5 12.Nxg6 hxg6 13.Kb1 N7b6 14.h3 a5 15.
Nxd5 exd5 16.a3 Bh4 17.Bd3 O-O 18.Rdg1 Nd7 19.f4 Rfe8 20.g3 Bf6 21.h4 Nf8 
22.g4 c5 23.dxc5 Ne6 24.g5 Nxc5 25.Qc2 Bd8 26.h5 Nxd3 27.Qxd3 Qc4 28.Qxc4 
dxc4 29.h6 gxh6 30.Rxh6 Kf8 31.Bc3 Rxe3 32.Rd1 Rd3 33.Re1 f6 34.gxf6 Rxc3 
35.Rh8+ Kf7 36.bxc3 1-0

[Event "8th Asia-ch"]
[Site "Subic Bay Free Port PHI"]
[Date "2010.04.28"]
[Round "8"]
[White "Megaranto, Susanto"]
[Black "Wang Chen"]
[Result "1-0"]
[WhiteElo "2527"]
[BlackElo "2390"]
[EventDate "2010.04.21"]
[PlyCount "76"]

1.d4 d5 2.Nf3 e6 3.c4 Nf6 4.cxd5 exd5 5.Nc3 Be7 6.Bg5 c6 7.Bxf6 Bxf6 8.e3 
Bf5 9.Bd3 Bxd3 10.Qxd3 Nd7 11.O-O O-O 12.b4 a6 13.a4 Be7 14.b5 axb5 15.
axb5 Bb4 16.bxc6 bxc6 17.Rxa8 Qxa8 18.Nxd5 cxd5 19.Qb5 Nf6 20.Qxb4 Ne4 21.
Qb2 h6 22.Ra1 Qb8 23.Rb1 Qc7 24.Ne5 Rc8 25.Nd3 Qd7 26.Rc1 Rxc1+ 27.Qxc1 
Qa4 28.h3 Qa2 29.Qc8+ Kh7 30.Qf5+ Kg8 31.Ne5 Qb1+ 32.Kh2 Nd2 33.Qd7 Kh7 
34.g4 Ne4 35.Qf5+ Kg8 36.Ng6 Qb7 37.Kg2 Nf6 38.Nf4 Qc6 1-0

[Event "8th Asia-ch"]
[Site "Subic Bay Free Port PHI"]
[Date "2010.04.28"]
[Round "8"]
[White "Gomez, John Paul"]
[Black "Garcia, Jan Emmanuel"]
[Result "1/2-1/2"]
[WhiteElo "2507"]
[BlackElo "2315"]
[EventDate "2010.04.21"]
[PlyCount "59"]

1.e4 g6 2.Nc3 Bg7 3.d4 d6 4.g3 Nf6 5.Bg2 O-O 6.Nge2 Nbd7 7.O-O c5 8.h3 Rb8
9.a4 b6 10.Re1 a6 11.Bg5 Bb7 12.Qd2 b5 13.axb5 axb5 14.dxc5 Nxc5 15.Nd4 b4
16.Nd5 Ncxe4 17.Nxf6+ exf6 18.Bxe4 fxg5 19.Ra4 Qf6 20.Bxb7 Rxb7 21.Rd1 
Qxd4 22.Qxd4 Bxd4 23.Rxd4 Rc8 24.Raxb4 Rxb4 25.Rxb4 Rxc2 26.Kg2 Kg7 27.Rb6
Rd2 28.Kf3 Kf6 29.Ke3 Rd1 30.b4 1/2-1/2

[Event "8th Asia-ch"]
[Site "Subic Bay Free Port PHI"]
[Date "2010.04.28"]
[Round "8"]
[White "Bui Vinh"]
[Black "Habla, Jony"]
[Result "1-0"]
[WhiteElo "2480"]
[BlackElo "2316"]
[EventDate "2010.04.21"]
[PlyCount "135"]

1.d4 d5 2.Bf4 Nf6 3.e3 e6 4.Nf3 Be7 5.Bd3 Nbd7 6.h3 c5 7.c3 Qb6 8.Qc1 O-O 
9.O-O Re8 10.Nbd2 Nf8 11.c4 Bd7 12.Rb1 a5 13.Qd1 Ng6 14.Bg3 Bc6 15.Qe2 Ne4
16.Bxe4 dxe4 17.Ne5 cxd4 18.Nxc6 Qxc6 19.exd4 Rad8 20.Nxe4 Rxd4 21.Nd2 Bb4
22.Nb3 Rxc4 23.a3 a4 24.axb4 axb3 25.Qd3 Rxb4 26.Rbc1 Qd5 27.Qxd5 exd5 28.
Rc7 b6 29.Rd7 Rd4 30.Rb7 Rd2 31.Rxb6 Rxb2 32.Rd1 f5 33.Bd6 Ree2 34.Bc5 f4 
35.Rxd5 Rb1+ 36.Kh2 Ree1 37.g3 f3 38.Rb8+ Kf7 39.Rd7+ Ke6 40.Rd6+ Kf5 41.
g4+ Kg5 42.Kg3 Rg1+ 43.Kxf3 Ne5+ 44.Ke4 Nc4 45.f4+ Kh4 46.Rd3 Rge1+ 47.Kd5
Re2 48.Kxc4 Rc1+ 49.Kd4 g5 50.f5 Rh2 51.Rbxb3 h5 52.Bd6 Rhh1 53.gxh5 Kxh5 
54.f6 Kg6 55.Be7 Rhf1 56.Rf3 Rcd1+ 57.Kc5 Rc1+ 58.Kb6 Kf7 59.Rxf1 Rxf1 60.
Rg3 Rh1 61.Kc5 Ke6 62.Kd4 Rd1+ 63.Ke4 Re1+ 64.Kf3 Rf1+ 65.Kg4 Rh1 66.Kxg5 
Kf7 67.h4 Kg8 68.h5 1-0

[Event "8th Asia-ch"]
[Site "Subic Bay Free Port PHI"]
[Date "2010.04.28"]
[Round "8"]
[White "Wang Li"]
[Black "Nguyen Huynh Minh Huy"]
[Result "1/2-1/2"]
[WhiteElo "2383"]
[BlackElo "2469"]
[EventDate "2010.04.21"]
[PlyCount "83"]

1.d4 Nf6 2.c4 c6 3.Nf3 d5 4.e3 Bg4 5.Nc3 e6 6.h3 Bxf3 7.Qxf3 Nbd7 8.Bd3 
Bd6 9.O-O O-O 10.b3 Qe7 11.Bb2 Rfe8 12.Qd1 Ba3 13.Bxa3 Qxa3 14.Qc2 Qe7 15.
Rfd1 Rac8 16.Bf1 g6 17.a4 a6 18.Qb2 Red8 19.c5 e5 20.b4 Nf8 21.b5 axb5 22.
axb5 N6d7 23.Ra7 Rb8 24.Qa1 Qf6 25.bxc6 bxc6 26.Ra6 Qe6 27.Nb5 Rxb5 28.
Bxb5 Nb8 29.Qa5 Nxa6 30.Qxd8 cxb5 31.Ra1 exd4 32.exd4 Kg7 33.Qb6 Nb4 34.
Qxb5 Nc6 35.Qd3 Qd7 36.Qb5 Ne6 37.Ra4 Qc7 38.Qb6 Qc8 39.Qb3 Qd8 40.Qb6 Qc8
41.Qb3 Qd8 42.Qb6 1/2-1/2

[Event "8th Asia-ch"]
[Site "Subic Bay Free Port PHI"]
[Date "2010.04.28"]
[Round "8"]
[White "Kuderinov, Kirill"]
[Black "Laylo, Darwin"]
[Result "0-1"]
[WhiteElo "2442"]
[BlackElo "2527"]
[EventDate "2010.04.21"]
[PlyCount "102"]

1.d4 Nf6 2.Nf3 g6 3.c4 Bg7 4.Nc3 O-O 5.e4 d6 6.Be2 e5 7.O-O Nc6 8.d5 Ne7 
9.Nd2 Ne8 10.b4 a5 11.bxa5 Rxa5 12.Nb3 Ra8 13.Be3 f5 14.f3 f4 15.Bf2 g5 
16.c5 h5 17.a4 Rf6 18.cxd6 Nxd6 19.Rc1 Rg6 20.h3 Kh7 21.Nd2 Bf6 22.Nb5 
Nxb5 23.axb5 Ra2 24.Rc2 Rxc2 25.Qxc2 g4 26.fxg4 hxg4 27.hxg4 Bxg4 28.Bxg4 
Rxg4 29.Nf3 Qg8 30.Be1 Nc8 31.Qxc7+ Rg7 32.Qc2 Bd8 33.g3 Qe8 34.Kg2 Nd6 
35.Rh1+ Kg8 36.Rh6 Nf7 37.Re6 Qxb5 38.Nxe5 Nxe5 39.Rxe5 f3+ 40.Kxf3 Bc7 
41.Kg2 Bxe5 42.Qc8+ Kf7 43.Qe6+ Kf8 44.Bf2 Re7 45.Qf6+ Ke8 46.Qg6+ Kd7 47.
Qf5+ Kd8 48.Qf8+ Kd7 49.Qf5+ Kd8 50.Qf8+ Kd7 51.Qf5+ Kd8 0-1

[Event "8th Asia-ch"]
[Site "Subic Bay Free Port PHI"]
[Date "2010.04.28"]
[Round "8"]
[White "Goh Weiming"]
[Black "Wen Yang"]
[Result "0-1"]
[WhiteElo "2426"]
[BlackElo "2520"]
[EventDate "2010.04.21"]
[PlyCount "100"]

1.e4 e5 2.Nf3 Nc6 3.Bc4 Bc5 4.O-O d6 5.c3 Nf6 6.d4 Bb6 7.Qd3 h6 8.Nbd2 O-O
9.Bb3 Re8 10.Re1 a6 11.h3 Ba7 12.a3 Nh5 13.Nf1 Qf6 14.Be3 Bxh3 15.d5 Ne7 
16.N1h2 Bxe3 17.Qxe3 Nf4 18.g3 Ng2 19.Qd2 Nxe1 20.Rxe1 Ng6 21.Bc2 Rf8 22.
Qe3 Qe7 23.Nd2 Qd7 24.Qe2 Qe8 25.Nc4 Bd7 26.Ne3 Ne7 27.Qf3 f6 28.Nf5 g6 
29.Nxh6+ Kg7 30.N6g4 f5 31.exf5 gxf5 32.Ne3 Qg6 33.Ng2 Qg5 34.c4 f4 35.Qc3
fxg3 36.Qxg3 Qxg3 37.fxg3 Nf5 38.Bxf5 Rxf5 39.Ne3 Rf7 40.Nhg4 b5 41.Nf2 a5
42.cxb5 Bxb5 43.Rc1 a4 44.Rc3 Kg6 45.Ne4 Be2 46.b4 axb3 47.Rxb3 Bf3 48.Nf2
Ra5 49.Rd3 Rb5 50.Rd2 Rb1+ 0-1

[Event "8th Asia-ch"]
[Site "Subic Bay Free Port PHI"]
[Date "2010.04.28"]
[Round "8"]
[White "Toufighi, Homayoon"]
[Black "Nadera, Barlo"]
[Result "0-1"]
[WhiteElo "2491"]
[BlackElo "2405"]
[EventDate "2010.04.21"]
[PlyCount "114"]

1.e4 e6 2.d4 d5 3.Nc3 Bb4 4.e5 c5 5.a3 Bxc3+ 6.bxc3 Qc7 7.Qg4 g6 8.Bd2 Bd7
9.Nf3 Nc6 10.Bd3 c4 11.Be2 O-O-O 12.O-O h6 13.h4 Nce7 14.a4 Qa5 15.Qf4 Rh7
16.Rfb1 Bxa4 17.Be1 b5 18.Nd2 Qc7 19.Nb3 Bxb3 20.cxb3 f5 21.bxc4 bxc4 22.
Ra6 Nc6 23.Bd1 Nge7 24.Ba4 Kd7 25.Rb5 Rb8 26.Qc1 Rxb5 27.Bxb5 Qb7 28.Bxc6+
Nxc6 29.Qa3 Ke8 30.Bd2 g5 31.Qa4 Rc7 32.Qa1 Rg7 33.Ra2 Kf7 34.Rb2 Qc8 35.
Qc1 f4 36.Qd1 Kg8 37.Rb5 Qe8 38.Qb1 gxh4 39.Rb7 f3 40.Rxg7+ Kxg7 41.Qb7+ 
Ne7 42.Bc1 Kg6 43.gxf3 a5 44.Ba3 Nf5 45.Qb6 Kh5 46.Kh2 Qg8 47.Qb1 Qg5 48.
Bc1 Qg6 49.Ba3 Ng7 50.Qd1 Qf5 51.Bc1 Kg6 52.Qd2 h5 53.Qd1 Kh7 54.Be3 Qg6 
55.Bc1 Qd3 56.Qh1 Qxc3 57.Kg2 Nf5 0-1

[Event "8th Asia-ch"]
[Site "Subic Bay Free Port PHI"]
[Date "2010.04.28"]
[Round "8"]
[White "Darini, Pouria"]
[Black "Tu Hoang Thong"]
[Result "1/2-1/2"]
[WhiteElo "2398"]
[BlackElo "2483"]
[EventDate "2010.04.21"]
[PlyCount "90"]

1.e4 e5 2.Nf3 Nc6 3.Bb5 Nge7 4.c3 a6 5.Ba4 g6 6.d4 exd4 7.cxd4 Bg7 8.Nc3 
b5 9.Bb3 d6 10.O-O O-O 11.h3 Na5 12.Bc2 c5 13.Bf4 Ra7 14.dxc5 dxc5 15.Qc1 
Re8 16.Bh6 Nec6 17.Rd1 Rd7 18.Nd5 Nb4 19.Nxb4 Rxd1+ 20.Bxd1 cxb4 21.Bxg7 
Kxg7 22.Bc2 Bb7 23.Qe1 Qe7 24.Qe2 Qf6 25.Bd3 Nc4 26.Re1 Ne5 27.Nxe5 Qxe5 
28.Bb1 Rd8 29.b3 Qd4 30.Kf1 h6 31.f3 Bc8 32.e5 Qf4 33.Qe3 Qh2 34.f4 Bb7 
35.Be4 Bxe4 36.Qxe4 Rd2 37.Re2 Qh1+ 38.Kf2 Qd1 39.Qe3 Rxe2+ 40.Qxe2 Qd4+ 
41.Qe3 Qb2+ 42.Qe2 Qd4+ 43.Kg3 Qc3+ 44.Kh2 Qd4 45.Kg3 Qc3+ 1/2-1/2

[Event "8th Asia-ch"]
[Site "Subic Bay Free Port PHI"]
[Date "2010.04.28"]
[Round "8"]
[White "Lu Shanglei"]
[Black "Neelotpal, Das"]
[Result "1-0"]
[WhiteElo "2340"]
[BlackElo "2445"]
[EventDate "2010.04.21"]
[PlyCount "97"]

1.e4 e5 2.Nf3 Nc6 3.Bb5 Nf6 4.d3 Bc5 5.O-O d6 6.c3 O-O 7.h3 Ne7 8.Re1 Ng6 
9.Nbd2 c6 10.Ba4 Bb6 11.d4 Re8 12.Bc2 Bc7 13.dxe5 dxe5 14.Nc4 Be6 15.Qe2 
b5 16.Ne3 h6 17.Nf5 Bb6 18.Be3 Bxe3 19.Qxe3 Qb6 20.Red1 Red8 21.Nd2 Qxe3 
22.Nxe3 a5 23.a4 Nd7 24.axb5 cxb5 25.Ndf1 b4 26.Nd5 bxc3 27.bxc3 Rdc8 28.
Nfe3 Ra7 29.Ra3 Nf6 30.c4 Rc5 31.Rb1 Nd7 32.Ba4 Nf4 33.Kf1 Nf6 34.f3 Bd7 
35.Rb8+ Kh7 36.Nxf6+ gxf6 37.Bxd7 Rxd7 38.Rb5 Rxb5 39.cxb5 Rd2 40.Rxa5 Rb2
41.Nd5 Nxg2 42.b6 Kg7 43.Ra4 Kh7 44.Rb4 Ne3+ 45.Kg1 Rg2+ 46.Kh1 Nxd5 47.
exd5 Rg8 48.b7 Rd8 49.d6 1-0

[Event "8th Asia-ch"]
[Site "Subic Bay Free Port PHI"]
[Date "2010.04.28"]
[Round "8"]
[White "Sharavdorj, Dashzeveg"]
[Black "Pascua, Haridas"]
[Result "1/2-1/2"]
[WhiteElo "2443"]
[BlackElo "2358"]
[EventDate "2010.04.21"]
[PlyCount "100"]

1.d4 Nf6 2.Nf3 g6 3.c4 Bg7 4.Nc3 O-O 5.e4 d6 6.Be2 e5 7.O-O Nc6 8.d5 Ne7 
9.Nd2 Ne8 10.b4 a5 11.bxa5 Rxa5 12.Nb3 Ra8 13.Be3 f5 14.f3 f4 15.Bf2 g5 
16.c5 h5 17.a4 Rf6 18.cxd6 Nxd6 19.Rc1 Rg6 20.h3 Kh7 21.Nd2 Bf6 22.Nb5 
Nxb5 23.axb5 Ra2 24.Rc2 Rxc2 25.Qxc2 g4 26.fxg4 hxg4 27.hxg4 Bxg4 28.Bxg4 
Rxg4 29.Nf3 Qg8 30.Be1 Nc8 31.Qxc7+ Rg7 32.Qc2 Bd8 33.g3 Qe8 34.Kg2 Nd6 
35.Rh1+ Kg8 36.Rh6 Nf7 37.Re6 Qxb5 38.Nxe5 Nxe5 39.Rxe5 f3+ 40.Kxf3 Bc7 
41.Kg2 Bxe5 42.Qc8+ Kf7 43.Qe6+ Kf8 44.Qxe5 Qe2+ 45.Bf2 Re7 46.Qf6+ Ke8 
47.Qg6+ Kd7 48.Qf5+ Kd8 49.Qf8+ Kd7 50.Qf5+ Kd8 1/2-1/2

[Event "8th Asia-ch"]
[Site "Subic Bay Free Port PHI"]
[Date "2010.04.28"]
[Round "8"]
[White "Chan Wei Xuan, Timothy"]
[Black "Torre, Eugenio"]
[Result "0-1"]
[WhiteElo "2341"]
[BlackElo "2506"]
[EventDate "2010.04.21"]
[PlyCount "78"]

1.e4 b6 2.d4 Bb7 3.Bd3 Nf6 4.Qe2 Nc6 5.c3 e5 6.Nf3 d6 7.O-O Be7 8.d5 Nb8 
9.a4 a5 10.b4 O-O 11.Nbd2 c6 12.dxc6 Nxc6 13.Nc4 axb4 14.Be3 d5 15.exd5 
Nxd5 16.Nfxe5 Nxe5 17.Nxe5 Bf6 18.f4 Nxc3 19.Qc2 h6 20.Bf5 Ra5 21.Nd7 Nd5 
22.Bf2 Bxa1 23.Nxf8 Kxf8 24.Rxa1 Nxf4 25.Be4 b3 26.Qc4 b2 27.Re1 Bxe4 28.
Qxe4 Nd3 29.Rd1 Rd5 30.Bh4 f6 31.Bg3 Qd7 32.Rf1 Kg8 33.h3 f5 34.Qc4 Kh8 
35.Qb3 f4 36.Bh4 Qd6 37.Be1 Qc5+ 38.Kh2 f3 39.gxf3 Nxe1 0-1

[Event "8th Asia-ch"]
[Site "Subic Bay Free Port PHI"]
[Date "2010.04.28"]
[Round "8"]
[White "Battulga, Namhai"]
[Black "Bitoon, Richard"]
[Result "1-0"]
[WhiteElo "2357"]
[BlackElo "2476"]
[EventDate "2010.04.21"]
[PlyCount "80"]

1.e4 c5 2.Nf3 d6 3.d4 cxd4 4.Nxd4 Nf6 5.Nc3 a6 6.Be3 e5 7.Nb3 Be7 8.f3 Be6
9.Qd2 h5 10.O-O-O Nbd7 11.Kb1 Rc8 12.g3 b5 13.Qf2 O-O 14.Nd5 Nxd5 15.exd5 
Bf5 16.Bd3 Bxd3 17.Rxd3 a5 18.g4 hxg4 19.fxg4 Rc4 20.Rg1 Qc7 21.c3 Nf6 22.
Bb6 Qd7 23.h3 a4 24.Na5 Rf4 25.Qe2 Re4 26.Qg2 Rb8 27.Bf2 a3 28.Nc6 Re2 29.
Nxb8 Qc7 30.Nc6 Ne4 31.bxa3 Nxf2 32.Qf3 Nxd3 33.Qxe2 Nc5 34.Qxb5 Kh7 35.
Qb8 Qxb8+ 36.Nxb8 Kh6 37.Rf1 f6 38.Nc6 Bf8 39.Rf5 Ne4 40.Kc2 g6 1-0

[Event "8th Asia-ch"]
[Site "Subic Bay Free Port PHI"]
[Date "2010.04.28"]
[Round "8"]
[White "Nguyen Anh Dung"]
[Black "Duong The Anh"]
[Result "1-0"]
[WhiteElo "2464"]
[BlackElo "2425"]
[EventDate "2010.04.21"]
[PlyCount "80"]

1.e4 c5 2.Nf3 d6 3.d4 cxd4 4.Nxd4 Nf6 5.Nc3 a6 6.f4 e5 7.Nf3 Qc7 8.Bd3 
Nbd7 9.O-O Be7 10.Kh1 O-O 11.g4 exf4 12.Bxf4 Qd8 13.Nd4 Ne5 14.Bxe5 dxe5 
15.Nf5 Be6 16.Qf3 Bc4 17.Ne2 g6 18.Qg3 Nd7 19.Rad1 Re8 20.Nh6+ Kg7 21.g5 
Be6 22.Nxf7 Qc7 23.Nh6 Rf8 24.Nd4 Qb6 25.Nxe6+ Qxe6 26.h4 Nc5 27.Ng4 Nxd3 
28.cxd3 Bd6 29.Nf6 Bc5 30.Nd5 Rad8 31.Rf6 Rxf6 32.gxf6+ Kf7 33.Rc1 Bd6 34.
Kg2 Rc8 35.Rc3 Bb8 36.Qg5 Bd6 37.Kh2 Rxc3 38.bxc3 Bf8 39.h5 Qd7 40.hxg6+ 
hxg6 1-0

[Event "8th Asia-ch"]
[Site "Subic Bay Free Port PHI"]
[Date "2010.04.28"]
[Round "8"]
[White "Gao Rui"]
[Black "Lumancas, Lyndon"]
[Result "1/2-1/2"]
[WhiteElo "2464"]
[BlackElo "2289"]
[EventDate "2010.04.21"]
[PlyCount "71"]

1.e4 c5 2.Nf3 d6 3.d4 cxd4 4.Nxd4 Nf6 5.Nc3 g6 6.Be3 Bg7 7.f3 Nc6 8.Qd2 
O-O 9.Bc4 Bd7 10.h4 Ne5 11.Bb3 Qa5 12.O-O-O Rfc8 13.h5 Nxh5 14.Bh6 Bxh6 
15.Qxh6 Rxc3 16.bxc3 Nf6 17.Kb1 Rc8 18.g4 Nc4 19.Rd3 b5 20.Rh2 a6 21.Rh1 
Rc5 22.Nf5 Bxf5 23.exf5 Qa3 24.Qc1 Qxc1+ 25.Kxc1 gxf5 26.g5 Nd5 27.Bxc4 
bxc4 28.Rd2 Nf4 29.Rdh2 Ng6 30.Rxh7 f4 31.R7h5 Re5 32.Kb2 Rb5+ 33.Kc1 Ra5 
34.Kb2 Rb5+ 35.Kc1 Ra5 36.Kb2 1/2-1/2

[Event "8th Asia-ch"]
[Site "Subic Bay Free Port PHI"]
[Date "2010.04.28"]
[Round "8"]
[White "Macala, Allan"]
[Black "Dimakiling, Oliver"]
[Result "0-1"]
[WhiteElo "2283"]
[BlackElo "2441"]
[EventDate "2010.04.21"]
[PlyCount "94"]

1.d4 e6 2.g3 c5 3.c3 Nc6 4.Bg2 cxd4 5.cxd4 Nf6 6.Nf3 Bb4+ 7.Nc3 Ne4 8.Qd3 
d5 9.O-O f5 10.Bf4 O-O 11.Ne5 Bd6 12.Rfc1 Bxe5 13.Bxe5 Nxe5 14.dxe5 Qb6 
15.e3 Qxb2 16.f3 Qf2+ 17.Kh1 Qxf3 18.Nxe4 fxe4 19.Qa3 Qh5 20.Qd6 a5 21.Rc7
h6 22.Rac1 a4 23.h3 Qe8 24.Re7 Qg6 25.Kh2 Ra6 26.Qc7 Kh7 27.h4 Qg4 28.a3 
Rc6 29.Rxc6 bxc6 30.Rf7 Rxf7 31.Qxf7 Ba6 32.Bh3 Qe2+ 33.Bg2 Qxe3 34.Qxe6 
Qf2 35.h5 Be2 36.Qg6+ Kg8 37.Qe8+ Qf8 38.Qxc6 Qf7 39.e6 Qxh5+ 40.Kg1 Qe5 
41.Qd7 Bh5 42.Kh2 Bg6 43.e7 Kh7 44.Bh3 e3 45.Be6 e2 46.Qc8 Qh5+ 47.Kg2 
Be4+ 0-1

[Event "8th Asia-ch"]
[Site "Subic Bay Free Port PHI"]
[Date "2010.04.28"]
[Round "8"]
[White "Yee Soon Wei"]
[Black "Kidambi, Sundararajan"]
[Result "0-1"]
[WhiteElo "2209"]
[BlackElo "2520"]
[EventDate "2010.04.21"]
[PlyCount "68"]

1.e4 e6 2.d4 d5 3.Nd2 Nf6 4.e5 Nfd7 5.Bd3 c5 6.c3 Nc6 7.Ne2 cxd4 8.cxd4 f6
9.exf6 Nxf6 10.Nf3 Bd6 11.O-O Qc7 12.g3 O-O 13.Bf4 Bd7 14.Re1 Ng4 15.h3 e5
16.dxe5 Ngxe5 17.Bxh7+ Kxh7 18.Ng5+ Kg6 19.Nc3 Ne7 20.Rc1 Qb6 21.Rc2 Rf5 
22.h4 Rxg5 23.Bxg5 Bg4 24.Qb1 Nf3+ 25.Kh1 Nf5 26.Nxd5 Qa5 27.Re6+ Kf7 28.
Rxd6 Nxd6 29.Rc7+ Qxc7 30.Nxc7 Rc8 31.Nd5 Nxg5 32.hxg5 Bf3+ 33.Kg1 Rh8 34.
g6+ Kf8 0-1

[Event "8th Asia-ch"]
[Site "Subic Bay Free Port PHI"]
[Date "2010.04.28"]
[Round "8"]
[White "Wohl, Aleksandar"]
[Black "Padmini, Rout"]
[Result "0-1"]
[WhiteElo "2441"]
[BlackElo "2319"]
[EventDate "2010.04.21"]
[PlyCount "132"]

1.b3 e5 2.Bb2 Nc6 3.e3 d6 4.Ne2 f5 5.g3 Nf6 6.Bg2 g6 7.O-O Bg7 8.f4 O-O 9.
c4 Qe7 10.Nbc3 Bd7 11.a3 Nd8 12.Qc2 c6 13.Rae1 Nf7 14.d4 Rae8 15.e4 fxe4 
16.Nxe4 Nxe4 17.Qxe4 exd4 18.Qxe7 Rxe7 19.Nxd4 Rfe8 20.Rxe7 Rxe7 21.Ba1 
Re3 22.Rb1 Rd3 23.Nc2 Bxa1 24.Nxa1 Nh6 25.Re1 Kf7 26.Bf1 Rd2 27.Re2 Rd1 
28.Nc2 Rc1 29.Rd2 Bh3 30.Ne3 Ng4 31.Nd1 Bxf1 32.Kxf1 Ke6 33.Re2+ Kd7 34.
Ke1 Ra1 35.h3 Nh6 36.g4 Rxa3 37.Rb2 a5 38.Nc3 Ra1+ 39.Kf2 Ng8 40.Ne4 Rh1 
41.Kg2 Re1 42.Kf3 d5 43.cxd5 cxd5 44.Nc5+ Kc7 45.b4 axb4 46.Rxb4 b6 47.Nd3
Rh1 48.Nf2 Rc1 49.Nd3 Rc3 50.Ke3 Ne7 51.Ra4 Nc6 52.Kd2 Rc4 53.Ra8 Re4 54.
Rh8 Re7 55.Ne5 Kd6 56.Nxc6 Kxc6 57.Kd3 Rf7 58.f5 gxf5 59.gxf5 Kc5 60.Ke3 
Rxf5 61.Rxh7 b5 62.h4 Kc4 63.h5 b4 64.h6 Rh5 65.Rc7+ Kb3 66.h7 Rh3+ 0-1